Lp-structure in real Banach Spaces

Saved in:
Bibliografiske detaljer
Main Authors: Behrends, E (Author), Danckwerts, R (Author), Evans, R (Author), Göbel, S (Author), Greim, P (Author), Meyfarth, K (Author), Müller, W (Author)
Format: Bog
Sprog:engelsk
Udgivet: Berlín Springer-Verlag 1977
Serier:Lecture Notes in Mathematics, 613
Fag:
Tags: Tilføj Tag
Ingen Tags, Vær først til at tagge denne postø!

MARC

LEADER 00000nam a2200000 a 4500
001 UCP0353
003 CL-VaPUC
008 990305e19770000GW |||||||||||||||||eng|d
082 0 4 |a 515.732  |b BEH  |2 21 
100 0 |a Behrends, E  |e author  |9 425603 
700 0 |a Danckwerts, R  |e author  |9 425604 
700 0 |a Evans, R  |e author  |9 425605 
700 0 |a Göbel, S  |e author  |9 425606 
700 0 |a Greim, P  |e author  |9 425607 
700 0 |a Meyfarth, K  |e author  |9 425608 
700 0 |a Müller, W  |e author  |9 425609 
245 1 0 |a Lp-structure in real Banach Spaces 
300 |a 108 p 
942 |c BK 
945 |d 19990305 00:00:00  |a crobeson 
260 |a Berlín  |b Springer-Verlag  |c 1977 
650 7 |a ESPACIOS DE BANACH  |2 CL-VaPUC  |9 260167 
650 0 |a Teoría espectral  |9 422369 
650 7 |a MODULOS INTEGRALES  |2 CL-VaPUC  |9 425610 
650 7 |a TEORIA DE LA DUALIDAD  |2 CL-VaPUC  |9 425598 
583 |a last modification  |c 19990305 00:00:00  |k Rodrigo Vera 
490 0 |a Lecture Notes in Mathematics, 613 
999 |c 279178  |d 279176 
952 |0 0  |1 0  |4 0  |6 515_732000000000000_BEH_1977  |7 0  |8 A  |9 318104  |a BIBMAT  |b BIBMAT  |d 2019-11-20  |i 1324268  |o 515.732 BEH 1977  |p 1324268  |r 2025-01-07  |w 2019-11-20  |y BK  |k MAT